[Event "Salekhard Rating"]
[Site "Salekhard"]
[Date "2008.05.07"]
[Round "7"]
[White "Matvienko, Ivan"]
[Black "Belyakov, Bogdan"]
[Result "1/2-1/2"]
[WhiteElo "2284"]
[BlackElo "2231"]
[PlyCount "50"]
[EventDate "2008.05.01"]
[EventType "tourn"]
[EventRounds "10"]
[EventCountry "RUS"]
[SourceTitle "EXT 2022"]
[Source "ChessBase"]
[SourceDate "2021.10.06"]
[SourceVersion "1"]
[SourceVersionDate "2021.10.06"]
[SourceQuality "1"]

1. e4 e5 2. Nf3 Nc6 3. Bb5 a6 4. Ba4 Nf6 5. 0-0 Be7 6. Nc3 0-0 7. d3 b5 8. Bb3 Bb7 9. h3 h6 10. Re1 Bc5 11. Ne2 Re8 12. Ng3 Nd4 13. Nxd4 Bxd4 14. Be3 Bxe3 15. Rxe3 d5 16. exd5 Nxd5 17. Bxd5 Qxd5 18. Qf3 Qxf3 19. gxf3 g6 20. Rae1 Kf8 21. Rxe5 Rxe5 22. Rxe5 Bxf3 23. Ne4 Bxe4 24. Rxe4 Re8 25. Rxe8+ Kxe8 1/2-1/2

[Event "Salekhard Rating"]
[Site "Salekhard"]
[Date "2008.05.02"]
[Round "2"]
[White "Belyakov, Bogdan"]
[Black "Matvienko, Ivan"]
[Result "1/2-1/2"]
[WhiteElo "2231"]
[BlackElo "2284"]
[PlyCount "56"]
[EventDate "2008.05.01"]
[EventType "tourn"]
[EventRounds "10"]
[EventCountry "RUS"]
[SourceTitle "EXT 2022"]
[Source "ChessBase"]
[SourceDate "2021.10.06"]
[SourceVersion "1"]
[SourceVersionDate "2021.10.06"]
[SourceQuality "1"]

1. e4 e5 2. Nf3 Nc6 3. Bb5 a6 4. Bxc6 dxc6 5. 0-0 Bg4 6. h3 h5 7. d3 Qf6 8. Be3 Bxf3 9. Qxf3 Qxf3 10. gxf3 Bd6 11. Nd2 b5 12. a4 Kd7 13. Nb3 Ne7 14. Nc5+ Bxc5 15. Bxc5 Ke6 16. Kg2 Rhg8 17. Rg1 g5 18. Bxe7 Kxe7 19. Kf1 b4 20. b3 a5 21. Ke2 c5 22. Rg2 f6 23. Rag1 Kf7 24. Ke3 Rad8 25. Ke2 Ra8 26. Ke3 Rad8 27. Ke2 Ra8 28. Ke3 Rad8 1/2-1/2

[Event "Moscow op-A 04th"]
[Site "Moscow"]
[Date "2008.02.09"]
[Round "8"]
[White "Zemtsov, Igor"]
[Black "Matvienko, Ivan"]
[Result "1-0"]
[WhiteElo "2400"]
[BlackElo "2271"]
[PlyCount "37"]
[EventDate "2008.02.02"]
[EventType "swiss"]
[EventRounds "9"]
[EventCountry "RUS"]
[SourceTitle "CBM 122 Extra"]
[Source "ChessBase"]
[SourceDate "2008.03.04"]
[SourceVersion "1"]
[SourceVersionDate "2008.03.04"]
[SourceQuality "1"]

1. e4 e5 2. Nf3 Nc6 3. Bc4 Bc5 4. d3 Nf6 5. a4 d5 6. exd5 Nxd5 7. c3 Nb6 8. Ba2 a5 9. 0-0 0-0 10. Ng5 Bf5 11. d4 exd4 12. Nxf7 Rxf7 13. Bxf7+ Kxf7 14. Qh5+ g6 15. Qxh7+ Kf6 16. cxd4 Bxd4 17. Be3 Qd7 18. Qh4+ Kg7 19. Rd1 1-0

[Event "Khanty-Mansiysk Governor Cup"]
[Site "Khanty-Mansiysk"]
[Date "2007.11.28"]
[Round "7"]
[White "Fominyh, Alexander"]
[Black "Matvienko, Ivan"]
[Result "1-0"]
[WhiteElo "2488"]
[BlackElo "2247"]
[PlyCount "82"]
[EventDate "2007.11.21"]
[EventType "swiss"]
[EventRounds "9"]
[EventCountry "RUS"]
[SourceTitle "CBM 121 Extra"]
[Source "ChessBase"]
[SourceDate "2008.01.10"]
[SourceVersion "1"]
[SourceVersionDate "2008.01.10"]
[SourceQuality "1"]

1. d4 Nf6 2. Nf3 e6 3. g3 b6 4. Bg2 Bb7 5. c4 Bb4+ 6. Nbd2 0-0 7. 0-0 a5 8. Qc2 d5 9. cxd5 exd5 10. Ne5 Re8 11. Ndf3 Ne4 12. Bf4 Bd6 13. Nd3 Na6 14. Bxd6 Qxd6 15. Rac1 c6 16. a3 f6 17. Rfd1 Qe7 18. Qb3 b5 19. e3 a4 20. Qc2 Nd6 21. Nd2 Nc4 22. h4 Bc8 23. Nxc4 bxc4 24. Nf4 Nc7 25. Re1 Be6 26. e4 Qd7 27. Rcd1 Bf7 28. e5 c5 29. Qd2 cxd4 30. Qxd4 fxe5 31. Rxe5 Nb5 32. Rxe8+ Rxe8 33. Qb6 Nc7 34. Bh3 Qe7 35. Qc6 Qe5 36. Qb6 h6 37. Bg4 g5 38. Ng2 Ne6 39. Ne3 Ng7 40. Qc5 Rd8 41. Nxc4 Qe4 1-0

[Event "Khanty-Mansiysk Governor Cup"]
[Site "Khanty-Mansiysk"]
[Date "2007.11.23"]
[Round "3"]
[White "Lichkun, Denis"]
[Black "Matvienko, Ivan"]
[Result "0-1"]
[WhiteElo "1953"]
[BlackElo "2247"]
[PlyCount "68"]
[EventDate "2007.11.21"]
[EventType "swiss"]
[EventRounds "9"]
[EventCountry "RUS"]
[SourceTitle "CBM 121 Extra"]
[Source "ChessBase"]
[SourceDate "2008.01.10"]
[SourceVersion "1"]
[SourceVersionDate "2008.01.10"]
[SourceQuality "1"]

1. e4 e5 2. Nf3 Nc6 3. Bb5 a6 4. Ba4 Nf6 5. 0-0 Be7 6. Re1 b5 7. Bb3 0-0 8. c3 d5 9. exd5 Nxd5 10. Nxe5 Nxe5 11. Rxe5 c6 12. d4 Bd6 13. Re1 Qh4 14. g3 Qh3 15. Be3 Bg4 16. Qd3 Rae8 17. Nd2 Re6 18. Qf1 Qh5 19. Bxd5 cxd5 20. a4 bxa4 21. f4 Rfe8 22. Qf2 Qf5 23. Nf3 Bxf3 24. Qxf3 Qc2 25. f5 Re4 26. Re2 Qd3 27. Rae1 a3 28. bxa3 Bxa3 29. f6 g6 30. Kg2 Qxc3 31. Bd2 Qxd4 32. Rxe4 dxe4 33. Qf4 Bb2 34. Rf1 e3 0-1

[Event "Khanty-Mansiysk Governor Cup"]
[Site "Khanty-Mansiysk"]
[Date "2007.11.23"]
[Round "4"]
[White "Matvienko, Ivan"]
[Black "Mirovalov, Tagir"]
[Result "1-0"]
[WhiteElo "2247"]
[BlackElo "2400"]
[PlyCount "64"]
[EventDate "2007.11.21"]
[EventType "swiss"]
[EventRounds "9"]
[EventCountry "RUS"]
[SourceTitle "CBM 121 Extra"]
[Source "ChessBase"]
[SourceDate "2008.01.10"]
[SourceVersion "1"]
[SourceVersionDate "2008.01.10"]
[SourceQuality "1"]

1. e4 e5 2. Nf3 Nc6 3. Bb5 a6 4. Bxc6 dxc6 5. Nc3 f6 6. d4 exd4 7. Nxd4 c5 8. Nde2 Qxd1+ 9. Nxd1 Bd6 10. Bf4 Ne7 11. Ne3 Be6 12. h4 h5 13. f3 0-0-0 14. Rd1 b5 15. b3 Nc6 16. Bxd6 cxd6 17. Nf4 Kd7 18. Kf2 b4 19. Rd2 Nd4 20. Rhd1 g5 21. Ne2 Nb5 22. a4 bxa3 23. c4 Nd4 24. Nxd4 cxd4 25. Nc2 gxh4 26. Nxd4 Rhg8 27. c5 Rg5 28. c6+ Ke7 29. Nxe6 Kxe6 30. c7 Rc8 31. Rxd6+ Ke7 32. Rd7+ Ke6 1-0

[Event "Arctic Cup 3rd"]
[Site "Salekhard"]
[Date "2007.10.17"]
[Round "10"]
[White "Matvienko, Ivan"]
[Black "Mitura, Karel"]
[Result "1-0"]
[WhiteElo "2247"]
[BlackElo "2010"]
[PlyCount "61"]
[EventDate "2007.10.08"]
[EventType "team-tourn"]
[EventRounds "11"]
[EventCountry "RUS"]
[SourceTitle "CBM 120 Extra"]
[Source "ChessBase"]
[SourceDate "2007.11.01"]
[SourceVersion "1"]
[SourceVersionDate "2007.11.01"]
[SourceQuality "1"]

1. e4 c5 2. Nf3 Nc6 3. d4 cxd4 4. Nxd4 e5 5. Nb5 d6 6. c4 Be7 7. N1c3 a6 8. Na3 Be6 9. g3 Bg5 10. Bxg5 Qxg5 11. Nd5 Qd8 12. Nc2 Nf6 13. Nxf6+ Qxf6 14. Bd3 0-0 15. 0-0 Qg5 16. b4 Rad8 17. a4 Ne7 18. Ne3 g6 19. Nd5 Nxd5 20. exd5 Bg4 21. f4 Qh5 22. Qd2 Rfe8 23. Rae1 Rd7 24. Re3 Rde7 25. Rfe1 Bf3 26. c5 Bxd5 27. cxd6 Re6 28. Be2 Qh6 29. Qxd5 exf4 30. Rxe6 fxe6 31. d7 1-0

[Event "Arctic Cup 3rd"]
[Site "Salekhard"]
[Date "2007.10.16"]
[Round "9"]
[White "Gusarov, Grigory"]
[Black "Matvienko, Ivan"]
[Result "0-1"]
[WhiteElo "2159"]
[BlackElo "2247"]
[PlyCount "80"]
[EventDate "2007.10.08"]
[EventType "team-tourn"]
[EventRounds "11"]
[EventCountry "RUS"]
[SourceTitle "CBM 120 Extra"]
[Source "ChessBase"]
[SourceDate "2007.11.01"]
[SourceVersion "1"]
[SourceVersionDate "2007.11.01"]
[SourceQuality "1"]

1. d4 Nf6 2. Nf3 e6 3. g3 b6 4. c4 Bb7 5. Bg2 Bb4+ 6. Bd2 Be7 7. 0-0 0-0 8. Nc3 d5 9. Ne5 Nbd7 10. Qa4 Nxe5 11. dxe5 Ne4 12. Nxe4 dxe4 13. Be3 Qe8 14. Qxe8 Rfxe8 15. Rfd1 Bc5 16. Bxc5 bxc5 17. Rd7 Rec8 18. Rc1 Bc6 19. Rd2 a5 20. f3 Rd8 21. Rcd1 Rdb8 22. Kf2 Kf8 23. Ke3 Rb4 24. Rc1 Ke7 25. f4 Rab8 26. Rcc2 Ba4 27. b3 Rxb3+ 28. axb3 Rxb3+ 29. Kxe4 Bc6+ 30. Rd5 a4 31. f5 a3 32. Kf4 exd5 33. cxd5 Rb2 34. Rc1 a2 35. Ra1 Bb5 36. Be4 c4 37. Rc1 c3 38. Rxc3 a1Q 39. Rxc7+ Kd8 40. d6 Qf1+ 0-1

[Event "Arctic Cup 3rd"]
[Site "Salekhard"]
[Date "2007.10.15"]
[Round "8"]
[White "Matvienko, Ivan"]
[Black "Barbarosh, Evgeny"]
[Result "1-0"]
[WhiteElo "2247"]
[BlackElo "1952"]
[PlyCount "33"]
[EventDate "2007.10.08"]
[EventType "team-tourn"]
[EventRounds "11"]
[EventCountry "RUS"]
[SourceTitle "CBM 120 Extra"]
[Source "ChessBase"]
[SourceDate "2007.11.01"]
[SourceVersion "1"]
[SourceVersionDate "2007.11.01"]
[SourceQuality "1"]

1. e4 e6 2. d4 d5 3. Nc3 Nf6 4. Bg5 Be7 5. e5 Nfd7 6. h4 a6 7. Qg4 f6 8. Bf4 g6 9. Nf3 c5 10. Bd3 cxd4 11. Bxg6+ hxg6 12. Qxg6+ Kf8 13. Bh6+ Rxh6 14. Qxh6+ Ke8 15. Qg6+ Kf8 16. Ng5 fxg5 17. hxg5 1-0